| 000 | 00646nam a2200253 4500 | ||
|---|---|---|---|
| 001 | BS2023000169 | ||
| 003 | BR-BrBNA | ||
| 005 | 20230804124804.0 | ||
| 008 | 230801b2006 bl.||||| |||| 00| 0 por d | ||
| 020 | _a85-250-4219-6 | ||
| 040 |
_aBR-BrBNA _bpor. |
||
| 041 | _apor. | ||
| 072 | _aB52 | ||
| 100 | _aMosquéra, Júlio | ||
| 245 |
_aE eu com isso? / _cJúlio Mosquéra. |
||
| 260 |
_aSão Paulo - SP : _bGlobo, _c2006 |
||
| 300 | _a211 p. | ||
| 650 | _aPOLÍTICA SOCIAL | ||
| 650 | _aPOLÍTICA E GOVERNO | ||
| 650 | _aBRASIL PARTICIPAÇÃO POLÍTICA | ||
| 909 |
_a202308 _bMaria Neves |
||
| 942 | _cBK | ||
| 999 |
_c9718 _d9718 |
||